000
00293nam a22001097a 4500
008
211013b ||||| |||| 00| 0 eng d
050
_a
Periodical
245
_a
Forced Migration Review
260
_a
Oxford
_b
University of Oxford
_c
2010
300
_a
Not specified
942
_2
lcc
_c
PERIODICAL
999
_c
130774
_d
130774